Самые длинные реки России - Statistics

General Stats
  • This quiz has been taken 213 times
  • The average score is 12 of 53
Answer Stats
Номер Длина Ответ % Correct
4 3531 Волга
98%
1 4400 Лена
95%
5 3487 Енисей
85%
3 3650 Обь
82%
7 2824 Амур
71%
15 1870 Дон
67%
2 4248 Иртыш
63%
13 2201 Днепр
56%
27 1500 Ока
54%
19 1805 Кама
52%
21 1779 Ангара
45%
10 2422 Урал
42%
30 1430 Белая
27%
14 2129 Колыма
26%
18 1809 Печора
26%
25 1591 Тобол
22%
22 1726 Индигирка
20%
6 2989 Нижняя Тунгуска
18%
33 1314 Вятка
18%
52 1020 Западная Двина
18%
8 2650 Вилюй
16%
16 1865 Подкаменная Тунгуска
14%
39 1150 Анадырь
14%
50 1030 Тура
14%
12 2273 Алдан
13%
34 1242 Зея
13%
40 1130 Десна
13%
9 2450 Ишим
12%
24 1620 Аргунь
12%
17 1837 Витим
11%
41 1130 Вычегда
10%
44 1091 Омь
10%
51 1024 Селенга
10%
11 2292 Оленек
8%
32 1401 Таз
8%
20 1799 Чулым
7%
48 1053 Северский Донец
7%
29 1436 Олекма
5%
31 1409 Котуй
4%
35 1203 Уда
4%
49 1032 Онон
4%
53 1012 Бирюса
4%
38 1150 Омолон
3%
47 1053 Мая
3%
23 1621 Кеть
2%
26 1520 Алазея
2%
28 1462 Амга
2%
36 1181 Марха
2%
37 1159 Демьянка
2%
42 1097 Конда
2%
43 1092 Тюнг
2%
45 1082 Васюган
2%
46 1063 Большой Юган
1%
No matching quizzes found
Score Distribution
Percent of People with Each Score
Percentile by Number Answered
Your Score History
You have not taken this quiz